| 000 | 00717nam a2200193Ia 4500 | ||
|---|---|---|---|
| 003 | OSt | ||
| 005 | 20250124115805.0 | ||
| 008 | 210210b1951 xxu||||| |||| 00| 0 eng d | ||
| 040 | _cAL | ||
| 041 | _aKannada | ||
| 082 | _a858/29 | ||
| 100 |
_aKRASHNARAYA (Aa Na) _dಕೃಷ್ಣರಾಯ (ಅ ನ ಕೃ) _9193723 |
||
| 245 |
_aKannada kularasikaru: muvatteradu kannada sahitigala jivana krati parichaya _bಕನ್ನಡ ಕುಲರಸಿಕರು : ಮುವ್ವತ್ತೆರಡು ಸಾಹಿತಿಗಳ ಜೀವನ ಕೃತಿ ಪರಿಚಯ |
||
| 260 |
_aBengaLUru _b- _c1951 |
||
| 650 |
_a Aa Na kru ಅ ನ ಕೃ _9193724 |
||
| 690 |
_aBiography _9193731 |
||
| 906 | _a020573 | ||
| 942 |
_2ddc _cBK |
||
| 999 |
_c144724 _d144724 |
||